Catálogo - Centro de Recursos para el Aprendizaje y la Investigación

Volver al Sitio - CRAI Biblioteca

La lechuza que quiso ver el sol / (Registro nro. 114285)

Detalles MARC
000 -CABECERA
campo de control de longitud fija 01018nam a2200265 4500
001 - NÚMERO DE CONTROL
campo de control 114285
003 - IDENTIFICADOR DEL NÚMERO DE CONTROL
campo de control DR-UNIBE
005 - FECHA Y HORA DE LA ÚLTIMA TRANSACCIÓN
campo de control 20251210095651.0
008 - DATOS DE LONGITUD FIJA--INFORMACIÓN GENERAL
campo de control de longitud fija 251208b1972 sp ||||| |||| 00| 1 spa d
040 ## - FUENTE DE LA CATALOGACIÓN
Centro catalogador/agencia de origen BIBLIOTECA UNIBE
Lengua de catalogación spa
Centro/agencia transcriptor BIBLIOTECA UNIBE
Normas de descripción rda
041 ## - CÓDIGO DE LENGUA
Código de lengua del texto/banda sonora o título independiente spa
090 ## - LOCALMENTE ASIGNADO TIPO-LC NÚMERO DE CLASIFICACIÓN (OCLC); NÚMERO DE CLASIFICACIÓN LOCAL (RLIN)
Número de clasificación (OCLC) (R) ; Numero de clasificación, CALL (RLIN) (NR) FBIU - EL LI SA194L
100 10 - ENTRADA PRINCIPAL--NOMBRE DE PERSONA
Nombre de persona Sandler, Micheline,
Fechas asociadas al nombre 1918-2012
Forma completa/desarrollada del nombre (Micheline Marcelle Bardel),
9 (RLIN) 201339
Término indicativo de función/relación autor
245 13 - MENCIÓN DE TÍTULO
Título La lechuza que quiso ver el sol /
Mención de responsabilidad, etc. Michel Sandler ; ilustraciones : Paul Durand
246 ## - FORMA VARIANTE DE TÍTULO
Título propio/Titulo breve La Chouette qui voilait voir le jour
250 ## - MENCIÓN DE EDICIÓN
Mención de edición Primera edición
260 ## - PUBLICACIÓN, DISTRIBUCIÓN, ETC.
Lugar de publicación, distribución, etc. Bilbao
Nombre del editor, distribuidor, etc. Editorial Laida,
Fecha de publicación, distribución, etc. 1972
300 ## - DESCRIPCIÓN FÍSICA
Extensión [Sin páginas] :
Otras características físicas ilustraciones a color
Dimensiones 32 x 22 cm
490 ## - MENCIÓN DE SERIE
Mención de serie Colección. Animales del bosque
653 #7 - TÉRMINO DE INDIZACIÓN--NO CONTROLADO
Término no controlado Literatura infantil francesa
653 #7 - TÉRMINO DE INDIZACIÓN--NO CONTROLADO
Término no controlado Lechuzas - Cuentos infantiles franceses
653 #7 - TÉRMINO DE INDIZACIÓN--NO CONTROLADO
Término no controlado Gorriones - Cuentos infantiles ffranceses
700 #0 - PUNTO DE ACCESO ADICIONAL--NOMBRE DE PERSONA
Nombre de persona Durand, Paul,
Fechas asociadas al nombre 1833-1922
Forma completa/desarrollada del nombre (Durand-Ruel, Paul Marie-Joseph),
Término indicativo de función/relación ilustrador
9 (RLIN) 140218
942 ## - ELEMENTOS DE PUNTO DE ACCESO ADICIONAL (KOHA)
Fuente del sistema de clasificación o colocación Sistema de Clasificación Decimal Dewey
Tipo de ítem Koha Libro (general)
Existencias
Estado de retiro Estado de pérdida Fuente del sistema de clasificación o colocación No para préstamo Código de colección Localización permanente Fecha de adquisición Total de préstamos Signatura topográfica completa Código de barras Fecha visto por última vez Número de copia Identificador Uniforme del Recurso Precio válido a partir de Tipo de ítem Koha
  Disponible Sistema de Clasificación Decimal Dewey No se presta Fondo Bibliográfico IBBY-UNIBE Biblioteca Central UNIBE 11/10/2025   FBIU-EL LI S217L FBIU0913 08/12/2025 Ej.1 7 08/12/2025 Libro (reserva)